| Tag |
First Indicator |
Second Indicator |
Subfields |
| LEADER |
00000cam a2200000 4500 |
| 001 |
in00002782420 |
| 005 |
20150922151122.0 |
| 008 |
700324s1955 dcuab b 000 0 eng |
| 010 |
|
|
|a 70605600
|
| 035 |
|
|
|a (OCoLC)ocm00062188
|
| 035 |
|
|
|a (OCoLC)62188
|
| 040 |
|
|
|a DLC
|c DLC
|d IAS
|d BTCTA
|d OCLCG
|d UtOrBLW
|
| 043 |
|
|
|a n-usu--
|
| 049 |
|
|
|a TXAM
|
| 050 |
0 |
0 |
|a QE75
|b .P9 no. 264-I
|
| 051 |
|
|
|a QE772
|b .A56
|c Copy 2.
|
| 082 |
0 |
0 |
|a 550/.8 s
|
| 086 |
0 |
|
|a I 19.16:264-I
|
| 100 |
1 |
|
|a Applin, Esther English Richards,
|d 1895-
|
| 245 |
1 |
2 |
|a A biofacies of Woodbine age in southeastern Gulf Coast region /
|c by Esther R. Applin.
|
| 264 |
|
1 |
|a Washington :
|b U.S. Govt. Print. Off,
|c 1955.
|
| 300 |
|
|
|a iii, 187-197 pages, 6 unnumbered pages :
|b illustrations, map. ;
|c 29 cm.
|
| 336 |
|
|
|a text
|b txt
|2 rdacontent
|
| 337 |
|
|
|a unmediated
|b n
|2 rdamedia
|
| 338 |
|
|
|a volume
|b nc
|2 rdacarrier
|
| 490 |
1 |
|
|a A shorter contribution to general geology
|
| 490 |
1 |
|
|a Geological Survey professional paper 264-I
|
| 504 |
|
|
|a Bibliography: page 197.
|
| 650 |
|
0 |
|a Foraminifera, Fossil
|z Gulf States.
|
| 650 |
|
0 |
|a Ostracoda, Fossil
|z Gulf States.
|
| 650 |
|
0 |
|a Paleontology
|y Cretaceous.
|
| 650 |
|
0 |
|a Paleontology
|z Gulf States.
|
| 830 |
|
0 |
|a Shorter contributions to general geology.
|
| 830 |
|
0 |
|a Geological Survey professional paper ;
|v 264-I.
|
| 994 |
|
|
|a C0
|b TXA
|
| 948 |
|
|
|a cataloged
|b h
|c 2012/11/27
|d c
|e tsivage
|f 01:09:49 pm
|
| 999 |
|
|
|a MARS
|
| 999 |
f |
f |
|s 474c7de2-9fe3-3623-9919-f76f90ec5e49
|i be4545ca-f21a-3a4a-a39e-a93ac113ba30
|t 0
|
| 952 |
f |
f |
|p normal
|a Texas A&M University
|b College Station
|c Sterling C. Evans Library
|d Evans: US Documents (Annex 5th floor)
|t 0
|e I 19.16:264 A-J
|h Superintendent of Documents classification
|i unmediated -- volume
|m A14837789129
|
| 952 |
f |
f |
|a Texas A&M University
|b College Station
|c Sterling C. Evans Library
|d Evans: US Documents (Annex 5th floor)
|t 0
|e I 19.16:264 A-J
|h Superintendent of Documents classification
|
| 998 |
f |
f |
|a I 19.16:264 A-J
|t 0
|l Evans: US Documents (Annex 5th floor)
|